[Event "I Obert Internacional Escacs Igualada"]
[Site "Igualada ESP"]
[Date "2014.08.19"]
[Round "6.1"]
[White "Martinez Alcantara, Jose Eduardo"]
[Black "Granda Zuñiga, Julio"]
[Result "1/2-1/2"]
[WhiteElo "2379"]
[BlackElo "2663"]
[PlyCount "85"]
[EventDate "2014.08.19"]
[EventType "swiss (rapid)"]
[EventRounds "8"]
[EventCountry "ESP"]
[Source "lmi"]
[SourceDate "2014.08.19"]

1. c4 e6 2. g3 d5 3. Bg2 Nf6 4. Nf3 Be7 5. b3 O-O 6. Bb2 dxc4 7. bxc4 c5 8. O-O
Nc6 9. e3 Qa5 10. d4 Rd8 11. Qb3 Qb6 12. Na3 Bd7 13. Rfd1 Be8 14. h3 Rac8 15.
Rac1 Nb4 16. Nb1 Qa6 17. Nc3 cxd4 18. Nxd4 Qxc4 19. Bxb7 Qxb3 20. axb3 Rb8 21.
Bg2 g6 22. Ra1 a6 23. Ra5 Rdc8 24. Bf1 Bd8 25. Raa1 a5 26. Ndb5 Rc5 27. Nd6 Bc6
28. Nc4 Nd7 29. Rd2 Bc7 30. Rad1 Ne5 31. Nxe5 Bxe5 32. Na4 Bxa4 33. Bxe5 Rxe5
34. bxa4 Nd5 35. Rc1 Rb4 36. Bb5 Kg7 37. Rc6 h5 38. Ra6 Nf6 39. Rxa5 Ne4 40.
Rc2 Nd6 41. Ra7 Nxb5 42. axb5 Rexb5 43. Kg2 1/2-1/2

[Event "I Obert Internacional Escacs Igualada"]
[Site "Igualada ESP"]
[Date "2014.08.19"]
[Round "6.2"]
[White "Cori Tello, Jorge Moises"]
[Black "Magem Badals, Jordi"]
[Result "1-0"]
[WhiteElo "2630"]
[BlackElo "2549"]
[PlyCount "62"]
[EventDate "2014.08.19"]
[EventType "swiss (rapid)"]
[EventRounds "8"]
[EventCountry "ESP"]
[Source "lmi"]
[SourceDate "2014.08.19"]

1. d4 d5 2. Nf3 Nf6 3. c4 c6 4. e3 g6 5. Nc3 Bg7 6. Be2 O-O 7. O-O b6 8. b3 Ne4
9. Bb2 Nxc3 10. Bxc3 Bb7 11. Rc1 Nd7 12. cxd5 cxd5 13. Bb4 Re8 14. Bb5 a6 15.
Bc6 Bxc6 16. Rxc6 Nb8 17. Rc3 a5 18. Ba3 Qd7 19. Qc2 Na6 20. Rc1 b5 21. Rc6 Qb7
22. h4 b4 23. Bb2 e6 24. h5 Bf6 25. Ne5 gxh5 26. e4 Red8 27. Qe2 Bxe5 28. dxe5
dxe4 29. Qxh5 Rac8 30. Rd6 Kh8 31. Rcd1 Rg8 1-0

[Event "I Obert Internacional Escacs Igualada"]
[Site "Igualada ESP"]
[Date "2014.08.19"]
[Round "6.3"]
[White "Gonzalez Rodriguez, Jorge Armando"]
[Black "Muñoz Pantoja, Miguel"]
[Result "1-0"]
[WhiteElo "2382"]
[BlackElo "2451"]
[PlyCount "127"]
[EventDate "2014.08.19"]
[EventType "swiss (rapid)"]
[EventRounds "8"]
[EventCountry "ESP"]
[Source "lmi"]
[SourceDate "2014.08.19"]

1. b3 e5 2. Bb2 Nc6 3. e3 d5 4. Bb5 Bd6 5. Nf3 Bg4 6. h3 Bxf3 7. Qxf3 Nge7 8.
Bxc6+ bxc6 9. d3 O-O 10. Qe2 a5 11. a4 f5 12. Nd2 Ng6 13. O-O-O Qe7 14. Kb1 e4
15. f3 exd3 16. Qxd3 Be5 17. f4 Bxb2 18. Kxb2 Qf6+ 19. Ka2 Rfe8 20. Rhe1 Nf8
21. g4 fxg4 22. hxg4 Ne6 23. g5 Qf7 24. Nf3 Nc5 25. Qc3 Na6 26. Ne5 Qe6 27. Kb2
c5 28. Rh1 c4 29. Rh4 Nc5 30. Rdh1 Ne4 31. Rxh7 Kf8 32. Rh8+ Ke7 33. Rxe8+ Kxe8
34. Qe1 Ke7 35. Rh7 c3+ 36. Ka2 Rg8 37. Qf1 Qf5 38. Rh2 Nd2 39. Qc1 Kd6 40.
Rxd2 cxd2 41. Qxd2 Qe4 42. Nc4+ Kc6 43. Nxa5+ Kb6 44. b4 Re8 45. Nb3 c6 46. Nd4
Qxe3 47. a5+ Kb7 48. Qxe3 Rxe3 49. f5 Re5 50. g6 Ka6 51. Kb3 c5 52. bxc5 Re3+
53. Kb4 Re1 54. c6 Ra1 55. Kc5 Rxa5+ 56. Kd6 Kb6 57. Ne6 Ra2 58. Nxg7 Rxc2 59.
Ne6 Rxc6+ 60. Kxd5 Rc1 61. f6 Rd1+ 62. Nd4 Kc7 63. g7 Rg1 64. f7 1-0

[Event "I Obert Internacional Escacs Igualada"]
[Site "Igualada ESP"]
[Date "2014.08.19"]
[Round "6.4"]
[White "Cori Tello, Deysi Estella"]
[Black "Oliva Castañeda, Kevel"]
[Result "1-0"]
[WhiteElo "2422"]
[BlackElo "2446"]
[PlyCount "77"]
[EventDate "2014.08.19"]
[EventType "swiss (rapid)"]
[EventRounds "8"]
[EventCountry "ESP"]
[Source "lmi"]
[SourceDate "2014.08.19"]

1. d4 Nf6 2. Nf3 g6 3. c4 Bg7 4. Nc3 O-O 5. Bg5 c5 6. e3 d6 7. Be2 Nbd7 8. O-O
h6 9. Bh4 g5 10. Bg3 Nh5 11. dxc5 Nxc5 12. Nd4 Nxg3 13. hxg3 a6 14. Rc1 e6 15.
b4 Nd7 16. Nb3 Qe7 17. Qd2 d5 18. cxd5 Qxb4 19. dxe6 fxe6 20. Nd4 Ne5 21. Rb1
Qa5 22. Qc2 Qc7 23. Qb3 Nf7 24. Rfc1 Qe7 25. Bg4 Re8 26. Ne4 Ne5 27. Nf5 Qf8
28. Rc7 Nxg4 29. Nxg7 Re7 30. Rbc1 Kh8 31. Nh5 Rxc7 32. Rxc7 Qd8 33. Rf7 Qe8
34. Nd6 Qg8 35. Qc2 e5 36. Rg7 Qxg7 37. Nxg7 Kxg7 38. Nxc8 Nf6 39. Qc7+ 1-0

[Event "I Obert Internacional Escacs Igualada"]
[Site "Igualada ESP"]
[Date "2014.08.19"]
[Round "7.1"]
[White "Cori Tello, Jorge Moises"]
[Black "Gonzalez Rodriguez, Jorge Armando"]
[Result "1-0"]
[WhiteElo "2630"]
[BlackElo "2382"]
[PlyCount "116"]
[EventDate "2014.08.19"]
[EventType "swiss (rapid)"]
[EventRounds "8"]
[EventCountry "ESP"]
[Source "lmi"]
[SourceDate "2014.08.19"]

1. c4 Nf6 2. g3 c5 3. Bg2 Nc6 4. Nc3 b6 5. Nf3 Bb7 6. O-O g6 7. d4 Nxd4 8. Nxd4
Bxg2 9. Kxg2 cxd4 10. Qxd4 Bg7 11. Be3 O-O 12. Rac1 d6 13. b3 Qd7 14. f3 Rfc8
15. Rfd1 Qb7 16. Qd3 a6 17. Bd4 Rc6 18. Bxf6 Bxf6 19. Nd5 Rac8 20. Qe4 Kg7 21.
Rc2 Qa7 22. Nxf6 exf6 23. Rcd2 Qd7 24. a4 Rd8 25. Rd5 Qe6 26. Qd3 f5 27. Kf2
Qf6 28. Rd2 h5 29. h4 Qe6 30. Qd4+ Qf6 31. Qf4 Qe6 32. R2d3 Re8 33. Qd4+ Kg8
34. Rd2 Kh7 35. Kf1 Qe7 36. Rxd6 Rxd6 37. Qxd6 Qe3 38. Qd3 Qe5 39. Qd5 Qf6 40.
Kf2 a5 41. Qd7 Re6 42. Qd4 Qe7 43. e3 Qb4 44. Rd3 Qe7 45. Qc3 Rc6 46. Qd2 Re6
47. Rd7 Qe8 48. Rd8 Qe7 49. Qd4 Rf6 50. Rd7 Qe6 51. Qd5 Qe8 52. Rd8 Qe7 53. Qd4
Qe6 54. Ke2 Qe7 55. Rd7 Qe6 56. Kd2 Qc6 57. Qd5 Kg7 58. Rxf7+ Kh6 1-0

[Event "I Obert Internacional Escacs Igualada"]
[Site "Igualada ESP"]
[Date "2014.08.19"]
[Round "7.2"]
[White "Granda Zuñiga, Julio"]
[Black "Martinez Romero, Martin"]
[Result "1-0"]
[WhiteElo "2663"]
[BlackElo "2387"]
[PlyCount "75"]
[EventDate "2014.08.19"]
[EventType "swiss (rapid)"]
[EventRounds "8"]
[EventCountry "ESP"]
[Source "lmi"]
[SourceDate "2014.08.19"]

1. c4 Nf6 2. Nc3 g6 3. e4 d6 4. d4 Bg7 5. Bd3 O-O 6. Nge2 e5 7. d5 a5 8. f3 Na6
9. Be3 Nd7 10. O-O Ndc5 11. Bc2 c6 12. a3 Bd7 13. Rb1 cxd5 14. cxd5 Be8 15. b4
axb4 16. axb4 Nd7 17. Bd3 Nb6 18. Qb3 Bf6 19. Ra1 Bg5 20. Bf2 Bd7 21. Ra5 Qc7
22. Rfa1 Rfb8 23. h4 Bd2 24. R5a2 Bxc3 25. Nxc3 Rc8 26. Nb5 Bxb5 27. Bxb5 Nd7
28. Qe3 Rab8 29. Bxa6 bxa6 30. Be1 Nb6 31. Rxa6 Nc4 32. Qg5 Kg7 33. h5 h6 34.
Qc1 Rb6 35. hxg6 fxg6 36. Bf2 Rxa6 37. Rxa6 Qb8 38. Rc6 1-0

[Event "I Obert Internacional Escacs Igualada"]
[Site "Igualada ESP"]
[Date "2014.08.19"]
[Round "7.3"]
[White "Gomez Ledo, Roberto Carlos"]
[Black "Cruz, Filemon"]
[Result "0-1"]
[WhiteElo "2411"]
[BlackElo "2439"]
[PlyCount "94"]
[EventDate "2014.08.19"]
[EventType "swiss (rapid)"]
[EventRounds "8"]
[EventCountry "ESP"]
[Source "lmi"]
[SourceDate "2014.08.19"]

1. d4 d5 2. c4 c6 3. Nf3 Nf6 4. e3 a6 5. Bd3 Bg4 6. Nbd2 e6 7. O-O Nbd7 8. h3
Bh5 9. Qc2 Bg6 10. b3 Be7 11. Bb2 Bxd3 12. Qxd3 O-O 13. c5 a5 14. a3 Qc7 15. b4
b6 16. Bc3 axb4 17. axb4 h6 18. Rfb1 Qb7 19. g3 Rfb8 20. Kg2 Bd8 21. Nh2 Bc7
22. Ng4 Rxa1 23. Rxa1 Ra8 24. Qb1 Nxg4 25. hxg4 Nf6 26. f3 Ra6 27. Qf1 Ra7 28.
Rxa7 Qxa7 29. Qa1 Qb8 30. Qa6 Nd7 31. b5 cxb5 32. c6 Nf6 33. Nf1 Ne8 34. Bb4 f6
35. f4 Kf7 36. Kh3 Nd6 37. Bxd6 Bxd6 38. Qxb5 Qa7 39. f5 Qa5 40. fxe6+ Kxe6 41.
Qb1 Ke7 42. Qf5 Qa7 43. Nh2 b5 44. Qxd5 b4 45. Qb3 Qb6 46. Nf3 Qxc6 47. Nh4
Qh1# 0-1

[Event "I Obert Internacional Escacs Igualada"]
[Site "Igualada ESP"]
[Date "2014.08.19"]
[Round "7.4"]
[White "Martinez Alcantara, Jose Eduardo"]
[Black "Cori Tello, Deysi Estella"]
[Result "1-0"]
[WhiteElo "2379"]
[BlackElo "2422"]
[PlyCount "77"]
[EventDate "2014.08.19"]
[EventType "swiss (rapid)"]
[EventRounds "8"]
[EventCountry "ESP"]
[Source "lmi"]
[SourceDate "2014.08.19"]

1. c4 Nf6 2. g3 g6 3. Bg2 Bg7 4. Nc3 O-O 5. e4 d6 6. Nge2 e5 7. O-O Nc6 8. d3
Bg4 9. h3 Bd7 10. f4 exf4 11. Nxf4 Ne5 12. Qe2 c5 13. Be3 a6 14. Rad1 b5 15. b3
b4 16. Ncd5 Nxd5 17. exd5 Qc8 18. Qf2 g5 19. Nh5 f6 20. g4 h6 21. d4 cxd4 22.
Bxd4 Bh8 23. Ng3 Qc7 24. Be4 a5 25. c5 Bb5 26. cxd6 Qxd6 27. Nf5 Qd7 28. Nxh6+
Kg7 29. Nf5+ Kg8 30. Rfe1 Rae8 31. Bc5 Bg7 32. Bxf8 Bxf8 33. d6 Bc6 34. Ne7+
Bxe7 35. dxe7 Qe6 36. Bxc6 Qxc6 37. Rxe5 fxe5 38. Rd8 Kg7 39. Qf8+ 1-0

[Event "I Obert Internacional Escacs Igualada"]
[Site "Igualada ESP"]
[Date "2014.08.19"]
[Round "8.1"]
[White "Granda Zuñiga, Julio"]
[Black "Cori Tello, Jorge Moises"]
[Result "1-0"]
[WhiteElo "2663"]
[BlackElo "2630"]
[PlyCount "53"]
[EventDate "2014.08.19"]
[EventType "swiss (rapid)"]
[EventRounds "8"]
[EventCountry "ESP"]
[Source "lmi"]
[SourceDate "2014.08.19"]

1. c4 Nf6 2. Nc3 g6 3. e4 d6 4. d4 Bg7 5. Bd3 e5 6. d5 O-O 7. Nge2 c5 8. f3 Ne8
9. g4 Qh4+ 10. Ng3 f5 11. exf5 gxf5 12. gxf5 Nd7 13. Nce4 Bh6 14. Bxh6 Qxh6 15.
Qd2 Qf4 16. Rg1 Kh8 17. O-O-O b5 18. cxb5 Nb6 19. Ng5 Qxd2+ 20. Rxd2 Rb8 21.
Rdg2 Nxd5 22. Nh5 Nef6 23. Bc4 Bb7 24. Nxf6 Rxf6 25. Ne4 Rff8 26. Nxd6 Ba8 27.
Rg7 1-0

[Event "I Obert Internacional Escacs Igualada"]
[Site "Igualada ESP"]
[Date "2014.08.19"]
[Round "8.2"]
[White "Cruz, Filemon"]
[Black "Martinez Alcantara, Jose Eduardo"]
[Result "1-0"]
[WhiteElo "2439"]
[BlackElo "2379"]
[PlyCount "91"]
[EventDate "2014.08.19"]
[EventType "swiss (rapid)"]
[EventRounds "8"]
[EventCountry "ESP"]
[Source "lmi"]
[SourceDate "2014.08.19"]

1. d4 Nf6 2. Nf3 c5 3. e3 g6 4. b3 Bg7 5. Bb2 O-O 6. Be2 b6 7. O-O Bb7 8. Nbd2
Ne4 9. c4 d5 10. Rc1 Nd7 11. cxd5 Bxd5 12. Qc2 Nxd2 13. Qxd2 cxd4 14. Bxd4 Nf6
15. Qb2 Qd7 16. Ne5 Qb7 17. Bf3 Rac8 18. Rfd1 Rxc1 19. Rxc1 Rc8 20. Rxc8+ Qxc8
21. Qc3 Qxc3 22. Bxc3 Bxf3 23. Nxf3 Ne4 24. Bxg7 Kxg7 25. Kf1 Kf6 26. Ke1 e5
27. Nd2 Nc3 28. a3 b5 29. e4 a5 30. f3 Ke6 31. Kf2 f5 32. Ke3 f4+ 33. Kd3 Nd1
34. Nf1 Kd6 35. Kd2 Nf2 36. Ke2 Nh1 37. b4 axb4 38. axb4 h5 39. Nd2 h4 40. Kf1
Ng3+ 41. hxg3 hxg3 42. Nb1 g5 43. Nc3 Kc6 44. Nd5 Kd7 45. Ke2 Kd6 46. Nf6 1-0

[Event "I Obert Internacional Escacs Igualada"]
[Site "Igualada ESP"]
[Date "2014.08.19"]
[Round "8.3"]
[White "Cruz, Cristhian"]
[Black "Magem Badals, Jordi"]
[Result "0-1"]
[WhiteElo "2553"]
[BlackElo "2549"]
[PlyCount "96"]
[EventDate "2014.08.19"]
[EventType "swiss (rapid)"]
[EventRounds "8"]
[EventCountry "ESP"]
[Source "lmi"]
[SourceDate "2014.08.19"]

1. c4 e6 2. d4 d5 3. Nc3 Bb4 4. e3 Nf6 5. Nf3 O-O 6. Bd3 b6 7. O-O Bb7 8. cxd5
exd5 9. a3 Bd6 10. b4 a6 11. Bb2 Nbd7 12. Rc1 b5 13. a4 c6 14. Qb3 Qe7 15. Na2
Nb6 16. a5 Nc4 17. Bc3 Ne4 18. Bxe4 Qxe4 19. Ne5 f6 20. Nxc4 bxc4 21. Qd1 Qh4
22. g3 Qh3 23. Qd2 Rae8 24. Rce1 Bc8 25. f3 Bf5 26. Nc1 h5 27. Ne2 g5 28. Rf2
Bd3 29. Nc1 Bg6 30. Rg2 Re7 31. Qf2 g4 32. fxg4 hxg4 33. Qf1 Be4 34. Rf2 Bxg3
35. Qxh3 Bxf2+ 36. Kxf2 gxh3 37. Ne2 Rg7 38. Nf4 Kf7 39. Rg1 Bg2 40. Nh5 Rg5
41. Ng3 Rfg8 42. Ne2 Ke6 43. Be1 Kf5 44. Nf4 Ke4 45. Bd2 Rg4 46. Ne6 Kd3 47.
Be1 Be4 48. Nc5+ Kc2 0-1

[Event "I Obert Internacional Escacs Igualada"]
[Site "Igualada ESP"]
[Date "2014.08.19"]
[Round "8.4"]
[White "Lariño Nieto, David"]
[Black "Gonzalez Rodriguez, Jorge Armando"]
[Result "1-0"]
[WhiteElo "2432"]
[BlackElo "2382"]
[PlyCount "89"]
[EventDate "2014.08.19"]
[EventType "swiss (rapid)"]
[EventRounds "8"]
[EventCountry "ESP"]
[Source "lmi"]
[SourceDate "2014.08.19"]

1. Nf3 Nf6 2. b3 d5 3. Bb2 Bg4 4. e3 e6 5. h3 Bxf3 6. Qxf3 Nbd7 7. g4 Bd6 8. g5
Ne4 9. h4 Be5 10. Bxe5 Nxe5 11. Qg2 O-O 12. f3 Nd6 13. d4 Nd7 14. Bd3 e5 15.
Nc3 c6 16. O-O-O Qe7 17. h5 f5 18. gxf6 Nxf6 19. h6 Rf7 20. Rdg1 e4 21. fxe4
dxe4 22. Be2 g6 23. Kb2 Raf8 24. Qh2 Nd5 25. Nxd5 cxd5 26. Rg2 b5 27. Qe5 Qxe5
28. dxe5 Nf5 29. Bxb5 Nxe3 30. Re2 Ng4 31. Bc6 Rd8 32. Rd1 Re7 33. Bxd5+ Kh8
34. e6 Nxh6 35. Rxe4 Nf5 36. c4 Kg7 37. b4 Kf6 38. Kb3 h5 39. Rf1 Kg7 40. Rg1
Kf6 41. b5 Nd6 42. Rf4+ Kg7 43. a4 Kh6 44. Rf6 Rg7 45. e7 1-0